00720nam a2200205 a 450000100100000000500170001000800410002702000150006804000250008310000250010824000460013324500460017925000240022526000400024930000300028950000340031950000330035395201110038699900170049700003774020201002031116.0130305s1986 sp a 000 0 spa d a842067999X aDO-SdBNPbspacBNPHU1 aJanson, H. W.96420310aHistory of art. third editiónlInglés10aHistoria general del arte /cH. W Janson. aEd. rev. y ampliada aMadrid :bAlianza Editorial,c1986. a1315 p. :bils. ;c24 cm. aTraducido del idioma inglés aIncluye índice analítico 001054708MOaGRbGRcCTd2013-03-05iLF1l0o p37740-10r2020-06-25w2020-06-25y4ZPréstamo en sala c37230d37230